Código tributario (Registro nro. 8238)
[ vista simple ]
| 000 -Cabecera | |
|---|---|
| Campo de control de longitud fija | 00644aam a2200253 4500 |
| 005 - Fecha y hora de la última transacción | |
| Campo de control | 20231115121634.0 |
| 008 - Elementos de longitud fija--Información general | |
| Campo de control de longitud fija | 150227b2016 xxu||||| |||| 00| 0 eng d |
| 020 ## - International Standard Book Number | |
| Número Internacional Estándar del Libro (ISBN) | 9789977130353 |
| 041 ## - Idioma | |
| Código de idioma | Español |
| 082 ## - Clasificación Decimal Dewey | |
| Número de clasificación | 343.04 C8374c23 |
| 100 ## - Entrada principal--Autor personal | |
| Nombre personal | Costa Rica. Leyes, decretos, etc. |
| 245 ## - Título propiamente dicho | |
| Título | Código tributario |
| 260 ## - Pie de imprenta | |
| Lugar de publicación, distribución, etc. | Costa Rica |
| 260 ## - Pie de imprenta | |
| Nombre del editor, distribuidor, etc. | IJSA |
| 260 ## - Pie de imprenta | |
| Fecha de publicación, distribución, etc. | 2016 |
| 300 ## - Descripción física | |
| Extensión | 340 páginas |
| 650 #0 - Materia general | |
| Temática (materia general) | COSTA RICA |
| 650 #0 - Materia general | |
| Temática (materia general) | DERECHO FISCAL |
| 650 #0 - Materia general | |
| Temática (materia general) | LEGISLACIÓN |
| 650 #0 - Materia general | |
| Temática (materia general) | IMPUESTOS |
| 650 #0 - Materia general | |
| Temática (materia general) | LEY DE JUSTICIA TRIBUTARIA |
| 650 #0 - Materia general | |
| Temática (materia general) | CÓDIGO DE NORMAS Y PROCEDIMIENTOS |
| 942 ## - Punto de acceso adicional KOHA | |
| Tipo de ítem KOHA | Libro |
| Fuente del sistema de clasificación o colocación | Dewey Decimal Classification |
| Signatura completa | Código de barras | Tipo de ítem |
|---|---|---|
| 343.04 C8374c23 | 21095 | Libro |
| 343.04 C8374c23 | 21096 | Libro |
| 343.04 C8374c23 | 21097 | Libro |
| 343.04 C8374c23 | 21098 | Libro |
| 343.04 C8374c23 | 21099 | Libro |
| 343.04 C8374c23 | 21100 | Libro |
| 343.04 C8374c23 | 21101 | Libro |
| 343.04 C8374c23 | 21102 | Libro |
| 343.04 C8374c23 | 21103 | Libro |
| 343.04 C8374c23 | 21104 | Libro |
| 343.04 C8374c23 | 21105 | Libro |
| 343.04 C8374c23 | 21106 | Libro |
| 343.04 C8374c23 | 21107 | Libro |
| 343.04 C8374c23 | 21108 | Libro |
| 343.04 C8374c23 | 21109 | Libro |
| 343.04 C8374c23 | 21110 | Libro |
| 343.04 C8374c23 | 21111 | Libro |
| 343.04 C8374c23 | 21112 | Libro |
| 343.04 C8374c23 | 21113 | Libro |
| 343.04 C8374c23 | 21114 | Libro |